|
|
|
|
| LEADER |
01898nam a2200397 a 4500 |
| 001 |
EBC1586636 |
| 003 |
MiAaPQ |
| 005 |
20200520144314.0 |
| 006 |
m o d | |
| 007 |
cr cn||||||||| |
| 008 |
080128s2007 dcua sb i000 0 eng d |
| 010 |
|
|
|z 2008295541
|
| 020 |
|
|
|z 9781589066090
|
| 020 |
|
|
|z 158906609X
|
| 035 |
|
|
|a (MiAaPQ)EBC1586636
|
| 035 |
|
|
|a (Au-PeEL)EBL1586636
|
| 035 |
|
|
|a (CaPaEBR)ebr10300201
|
| 035 |
|
|
|a (CaONFJC)MIL384797
|
| 035 |
|
|
|a (OCoLC)867926566
|
| 040 |
|
|
|a MiAaPQ
|c MiAaPQ
|d MiAaPQ
|
| 050 |
|
4 |
|a HJ192.5
|b .P76 2007
|
| 245 |
0 |
0 |
|a Promoting fiscal discipline
|h [electronic resource] /
|c Manmohan S. Kumar, Teresa Ter-Minassian, editors.
|
| 260 |
|
|
|a [Washington, D.C.] :
|b International Monetary Fund,
|c c2007.
|
| 300 |
|
|
|a vii, 134 p. :
|b ill.
|
| 504 |
|
|
|a Includes bibliographical references.
|
| 505 |
0 |
0 |
|t Fiscal discipline : key issues and overview /
|r Manmohan S. Kumar and Teresa Ter-Minassian --
|t Discretion, institutions, and fiscal discipline /
|r Xavier Debrun, David Hauner, and Manmohan S. Kumar --
|t Cyclicality of fiscal policy /
|r Fabrizio Balassone and Manmohan S. Kumar --
|t Addressing the procyclical bias /
|r Fabrizio Balassone and Manmohan S. Kumar --
|t Fiscal responsibility laws /
|r Ana Corbacho and Gerd Schwartz --
|t The role for fiscal agencies /
|r Xavier Debrun, David Hauner, and Manmohan S. Kumar.
|
| 533 |
|
|
|a Electronic reproduction. Ann Arbor, MI : ProQuest, 2015. Available via World Wide Web. Access may be limited to ProQuest affiliated libraries.
|
| 650 |
|
0 |
|a Fiscal policy.
|
| 650 |
|
0 |
|a Finance, Public.
|
| 650 |
|
0 |
|a Economic policy.
|
| 655 |
|
4 |
|a Electronic books.
|
| 700 |
1 |
|
|a Kumar, Manmohan S.
|
| 700 |
1 |
|
|a Ter-Minassian, Teresa.
|
| 710 |
2 |
|
|a International Monetary Fund.
|
| 710 |
2 |
|
|a ProQuest (Firm)
|
| 856 |
4 |
0 |
|u https://ebookcentral.proquest.com/lib/matrademy/detail.action?docID=1586636
|z Click to View
|